000 00831nam a2200217 i 4500
001 168439
003 ES-MaACL
005 20250831142047.0
008 080410s1985 fr |||| | fre d
080 _a782.1
100 1 _aBerio, Luciano.
_9137580
245 1 3 _aLa vera storia
_b: opera in due parti = opéra en deux actes /
_cmusique de Luciano Berio ; livret d'Italo Calvino et Luciano Berio ; traduction française de Jean-Paul Manganaro.
260 _aParis :
_bGerard Billaudot,
_c[1985]
300 _a75 p. ;
_c18 cm.
546 _aTexto en francés e italiano.
650 7 _aÓperas
_2embne
_915717
700 1 _aCalvino, Italo,
_d1923-1985
_9242175
700 1 _aManganaro, Jean-Paul.
_9137581
852 _aES-MaACL
_jE-12214
_9R.190430
_z.- Biblioteca Jacinto Martínez Lacalle
999 _c168439
_d168439